Testo della Canzone - Stavo Pensando a Te, Fabri Fibra - Statistics

Statistiche generali
  • Questo quiz è stato fatto 239 volte
  • Il punteggio medio è 236 su 449
Statistiche sulle risposte
Testo % Corretto
a
98%
i
96%
Stavo
96%
te
96%
pensando
95%
che
94%
Che
94%
ma
93%
Ma
93%
se
92%
la
90%
è
89%
E
89%
e
89%
non
88%
Non
88%
o
88%
in
87%
In
87%
mi
87%
Mi
87%
perché
83%
sai
83%
al
80%
sentivo
78%
gli
77%
con
76%
strano
76%
quando
75%
andare
74%
73%
ne
73%
figata
71%
di
70%
mare
70%
lo
69%
altri
68%
po'
67%
lavorano
66%
il
65%
Il
65%
mai
63%
avere
62%
orari
62%
le
59%
Le
59%
volano
58%
dovuto
57%
pensieri
57%
draghi
56%
avremmo
55%
spiaggia
55%
fumare
53%
doveri
51%
Dov'eri
51%
Me
51%
me
51%
ti
51%
chiede
47%
lasciarci
47%
poi
47%
incontrarci
46%
nessuno
46%
casa
45%
io
45%
45%
si
45%
Si
45%
tornare
45%
un
45%
ci
44%
tardi
44%
picco
43%
Sei
42%
sei
42%
bello
41%
scrivo
41%
frigo
39%
fastidio
38%
piccolo
38%
va
38%
da
36%
posto
36%
rosso
35%
del
34%
dire
34%
Questo
34%
questo
34%
svuoto
34%
vino
34%
infantile
33%
vuoi
32%
bianco
31%
tipo
31%
mentre
30%
Mentre
30%
Bella
29%
Cosa
29%
gente
29%
qui
29%
ridico
29%
solo
29%
una
29%
vado
29%
Vado
29%
C'è
28%
Faccio
28%
foto
28%
pigro
28%
Vedi
28%
vedi
28%
nel
27%
sembra
27%
troppo
27%
hai
26%
ho
26%
cielo
25%
frasi
25%
lasagne
25%
micro
25%
nemmeno
25%
scaldate
25%
sentirti
25%
sento
25%
stare
25%
dipinto
24%
mattina
21%
più
21%
letto
20%
cazzo
19%
Voglio
19%
voglio
19%
partiva
18%
tanto
18%
volete
18%
capito
17%
cattivo
17%
colpo
17%
già
17%
grosso
17%
l'auto
17%
zitto
17%
bere
16%
Quante
16%
vorrei
16%
frate'
15%
ormai
15%
saliva
15%
via
15%
figlio
14%
guardarti
14%
senza
14%
mostro
13%
ogni
13%
Però
13%
portarti
13%
Promettevo
13%
proprio
13%
ragazze
13%
ripeto
13%
secondo
13%
sotto
13%
tutto
13%
Tutto
13%
diventi
12%
Parlo
12%
sonno
12%
penso
11%
anche
10%
condom
10%
dovrei
10%
Forse
10%
parlarti
10%
drink
9%
esser
9%
quella
9%
tempo
9%
dalla
8%
fumo
8%
sera
8%
sobrio
8%
allo
7%
arrosto
7%
dice
7%
dimagrire
7%
Eppure
7%
ero
7%
guardo
7%
presto
7%
siamo
7%
specchio
7%
alla
6%
conosco
6%
fretta
6%
niente
6%
nostro
6%
passa
6%
rimasto
6%
Ripenso
6%
addosso
5%
arrivo
5%
Cercavo
5%
gira
5%
Lei
5%
profumo
5%
pronto
5%
accorto
4%
Brasile
4%
corso
4%
credo
4%
darti
4%
Ecco
4%
era
4%
fine
4%
intorno
4%
inverno
4%
lento
4%
momento
4%
mondo
4%
muove
4%
pezzo
4%
Prendo
4%
prendo
4%
sottofondo
4%
sul
4%
vede
4%
volevo
4%
partire
3%
queste
3%
parole
2%
perdo
2%
soltanto
2%
copro
1%
d'esser
1%
Nessun quiz corrispondente trovato
Distribuzione punteggi
Percentuale di utenti per punteggio
Percentile per numero di risposta
I tuoi punteggi nel tempo
Non hai fatto questo quiz